British Sweets! Quiz Stats

 Plays Quiz Updated Jan 13, 2016

Support Sporcle.
Go Orange.
Score 0/24 Timer 06:00
2 Plays Today
% Correct
Smarties
80.4%
Jelly babies
78%
Wine gums
77.5%
Liquorice allsorts
75.8%
Strawberry bonbons
67.3%
Seaside rock
66.7%
Flying saucers
66.6%
Strawberry laces
65.2%
Minstrels
61.8%
Mint humbugs
61.5%
Blackjacks
59.3%
Rhubarb and custards
58.3%
% Correct
Fruit salads
58.1%
Dolly mixture
57.2%
Sherbet lemons
54.8%
Pink shrimps
54.6%
Mint imperials
51.9%
Jelly tots
42.4%
Candy sticks
42%
Double lollipops
31.9%
Gobstoppers
30.1%
Jazzies
27%
Sweet peanuts
10.6%
Edinburgh rock
7.2%

From the Vault

Quick! What Letter Isn't There?

by MSUKent

Be picky, but also be quick.
Remove Ads.
Support Sporcle.
Get the best of Sporcle when you Go Orange. This ad-free experience offers more features, more stats, and more fun while also helping to support Sporcle. Thank you for becoming a member.

Show Comments

Extras

Top Quizzes Today


Score Distribution

Your Account Isn't Verified!

In order to create a playlist on Sporcle, you need to verify the email address you used during registration. Go to your Sporcle Settings to finish the process.

Report this User

Report this user for behavior that violates our Community Guidelines.

Details: